| 000 | 00478nam a2200157Ia 4500 | ||
|---|---|---|---|
| 008 | 240729s9999 xx 000 0 und d | ||
| 245 | 0 | _aInternational Journal of Renewable Energy Development | |
| 260 | _aIndonesia | ||
| 260 | _bDiponegoro University | ||
| 650 | _a Mechanical engineering and machinery | ||
| 650 | _a Renewable energy sources | ||
| 650 | _aTechnology | ||
| 856 | _uhttps://doaj.org/toc/7904e8a4903b428d98d3ef9c2e7fcf09 | ||
| 942 | _2ddc | ||
| 942 | _cDOAJEJ | ||
| 999 |
_c67920 _d67920 |
||
| 945 |
_a1 _bMadushi Gamage _c1 _dMadushi Gamage |
||